| 000 | 00555nam a2200181 a 4500 | ||
|---|---|---|---|
| 005 | 20140412111303.0 | ||
| 008 | 000821s19uu xx 00 eng d | ||
| 020 | _a0-7214-1703-5 | ||
| 050 |
_aM 611 _bA64 1994 |
||
| 100 | _aArnold, Caroline | ||
| 245 |
_aYour body / _cwritten by Caroline Arnold; illustrated by Lynn Breeze and Dee McLean. |
||
| 260 |
_aLoughborough Leicestershire, UK : _bLadybird Books Ltd, _c1994. |
||
| 300 | _a43 p.; col. ; ill. | ||
| 440 | _aLadybird Learners | ||
| 650 | _aHuman anatomy | ||
| 999 |
_c103529 _d103529 |
||